Вып. 69 : Электрометаллургия стали и ферросплавов; Металлургия и коксохимия

التفاصيل البيبلوغرافية
Parent link:Металлургия и коксохимия: республиканский межведомственный научно-технический сборник. Вып. 69 : Электрометаллургия стали и ферросплавов.— , 1965-1989
مؤلفون آخرون: Таран Ю. Н. Юрий Николаевич (редактор)
اللغة:الروسية
منشور في: 1980
الموضوعات:
التنسيق: كتاب
KOHA link:https://koha.lib.tpu.ru/cgi-bin/koha/opac-detail.pl?biblionumber=336825

MARC

LEADER 00000nam2a2200000 4500
001 336825
005 20231102004906.0
035 |a (RuTPU)RU\TPU\book\363286 
035 |a RU\TPU\book\304601 
090 |a 336825 
100 |a 20171025d1980 k y0rusy5003 ca 
101 0 |a rus 
102 |a UA 
105 |a a z 001zy 
200 0 |a Вып. 69 : Электрометаллургия стали и ферросплавов  |f отв. ред. Ю. Н. Таран 
210 |d 1980 
215 |a 104 с.  |c ил. 
320 |a Библиография в конце статей 
461 1 |0 (RuTPU)RU\TPU\book\272131  |t Металлургия и коксохимия  |o республиканский межведомственный научно-технический сборник  |v Вып. 69 : Электрометаллургия стали и ферросплавов  |d 1965-1989 
606 1 |a Металлургия общая  |2 stltpush  |3 (RuTPU)RU\TPU\subj\43016  |9 62604 
606 1 |a Коксохимия  |2 stltpush  |3 (RuTPU)RU\TPU\subj\33197  |9 55504 
606 1 |a Сталь  |x Электрометаллургия  |2 stltpush  |3 (RuTPU)RU\TPU\subj\56377  |9 74287 
606 1 |a Ферросплавы  |x Металлургия  |2 stltpush  |3 (RuTPU)RU\TPU\subj\63673  |9 80660 
610 1 |a электроплавка 
610 1 |a фазовые исследования 
610 1 |a термодинамические исследования 
610 1 |a многокомпонентные системы 
610 1 |a окислы 
610 1 |a восстановление 
610 1 |a раскисление 
610 1 |a легирование 
610 1 |a неметаллические включения 
610 1 |a рафинирование 
675 |a 669  |v 3 
675 |a 662.74  |v 3 
675 |a 669.187  |v 3 
675 |a 669.168  |v 3 
702 1 |a Таран  |b Ю. Н.  |g Юрий Николаевич  |4 340 
801 0 |a RU  |b 63413507  |c 19950704  |g psbo 
801 1 |a RU  |b 63413507  |c 20150116 
801 2 |a RU  |b 63413507  |c 20181024  |g RCR 
942 |c BK